Statistieken voor Landen die beginnen met B

Klik hier om de quiz te nemen!

Algemene statistieken

  • Deze quiz is 3.739 keer genomen
    (1.328 sinds de laatste reset)
  • De gemiddelde score is 12 van 17

Antwoordstatistieken

Land% Correct
België
96%
Bulgarije
79%
Bolivia
77%
Brazilië
75%
Botswana
71%
Bhutan
70%
Brunei
69%
Bangladesh
68%
Belize
68%
Barbados
65%
Bahrein
65%
Burundi
63%
Bosnië en Herzegovina
63%
Benin
61%
Bahama's
60%
Burkina Faso
57%
Belarus
51%

Scoreverdeling

Percentiel versus Aantal Correcte Antwoorden

Procent van Mensen met Elke Score

Uw Scoregeschiedenis

U heeft deze quiz nog niet genomen sinds de laatste reset